000 00573nam a2200229Ia 4500
003 OSt
005 20220924140808.0
006 a|||||r|||| 00| 0
007 ta
008 220923b |||||||| |||| 00| 0 ben d
024 _a296167
037 _cTextual
040 _aARTS
_cARTS
_bben
041 _2ben
_aben
082 _aO157,3NCH10xg, L5
100 _aChakerverty
_9211588
245 0 _aPrakritir saja
260 _c1975
650 _aBENGALI LITERATURE
942 _hO157,3NCH10xg, L5
_cTEXL
_2CC
999 _c445290
_d445290